Advances in manufacturing technology XV : proceedings of the seventeenth National Conference on Manufacturing Research, Cardiff University, UK, 4-6 September 2001 /

Bibliographic Details
Corporate Author: National Conference on Manufacturing Research Cardiff University
Other Authors: Pham, D. T. (Duc Truong), 1952-, Dimov, S. S., 1959-, O'Hagan, V.
Format: Conference Proceeding Book
Language:English
Published: Bury St Edmunds : Professional Engineering Pub., 2001.
Subjects:

MARC

Tag First Indicator Second Indicator Subfields
LEADER 00000cam a2200000 a 4500
001 in00001655813
005 20151023093440.0
008 011001s2001 enka 101 0 eng
015 |a GBA1-54342 
020 |a 1860583253 
029 0 |a UKM  |b bA154342 
035 |a (OCoLC)ocm48109717 
040 |a UKM  |c UKM  |d TXA  |d UtOrBLW 
049 |a TXAM 
082 0 4 |a 670.427  |2 21 
090 |a TS176  |b .N37 2001 
111 2 |a National Conference on Manufacturing Research  |n (17th :  |d 2001 :  |c Cardiff University) 
245 1 0 |a Advances in manufacturing technology XV :  |b proceedings of the seventeenth National Conference on Manufacturing Research, Cardiff University, UK, 4-6 September 2001 /  |c edited by D.T. Pham, S.S. Dimov and V. O'Hagan. 
264 1 |a Bury St Edmunds :  |b Professional Engineering Pub.,  |c 2001. 
300 |a xiii, 485 pages :  |b illustrations ;  |c 25 cm. 
336 |a text  |b txt  |2 rdacontent 
337 |a unmediated  |b n  |2 rdamedia 
338 |a volume  |b nc  |2 rdacarrier 
504 |a Includes bibliographical references and index. 
650 0 |a Production management  |v Congresses. 
650 0 |a Manufacturing processes  |v Congresses. 
700 1 |a Pham, D. T.  |q (Duc Truong),  |d 1952- 
700 1 |a Dimov, S. S.,  |d 1959- 
700 1 |a O'Hagan, V. 
994 |a E0  |b TXA 
948 |a cataloged  |b h  |c 2001/11/17  |d c  |e blrosas  |f 12:24:57 pm 
999 |a MARS 
999 f f |s 7a3513bb-75b2-3d11-adc7-50b8555be042  |i 084f5f61-3d28-3757-8975-7765e67e93e0  |t 0 
952 f f |p ric  |a Texas A&M University  |b Rellis Campus  |c Joint Library Facility  |d Remote Storage  |t 0  |e TS176 .N37 2001  |h Library of Congress classification  |i unmediated -- volume  |m A14828331668 
998 f f |a TS176 .N37 2001  |t 0  |l Remote Storage